Slovensko v období prechodu od feudalizmu ku kapitalizmu Teoreticko-metodologické a sociálno-ekonomické problémy

Salvato in:
Dettagli Bibliografici
Natura: Libro
Lingua:slovacco
Pubblicazione: Bratislava Veda 1989
Edizione:1. vyd.
Tags: Aggiungi Tag
Nessun Tag, puoi essere il primo ad aggiungerne!!

MARC

LEADER 00000nam a2200000 4500
001 c026811
005 20221215071505.3
041 0 |a slo 
044 |a SK 
245 1 0 |a Slovensko v období prechodu od feudalizmu ku kapitalizmu  |b Teoreticko-metodologické a sociálno-ekonomické problémy 
250 |a 1. vyd. 
264 1 |a Bratislava  |b Veda  |c 1989 
300 |a 191 s.